<An> Economic Analysis of the EC

Gespeichert in:
Bibliographische Detailangaben
1. Verfasser: Hansen, Jorgen Drud
Weitere Verfasser: Heinrich, Hans, Nielsen, Jorgen Ulff-Moller
Format: Buch
Sprache:Englisch
Veröffentlicht: London MacGraw-Hill 1992
Ausgabe:1. ed.
Schlagworte:
Tags: Tag hinzufügen
Keine Tags, Fügen Sie das erste Tag hinzu!

MARC

LEADER 00000nam a2200000 4500
001 c010359
005 20221206084657.4
020 |a 0-07-707422-X 
041 0 |a eng 
044 |a GB 
245 1 0 |a <An> Economic Analysis of the EC  |c Jorgen Drud Hansen, Hans Heinrich, Jorgen Ulff-Moller Nielsen 
250 |a 1. ed. 
264 1 |a London  |b MacGraw-Hill  |c 1992 
300 |a 247 s. 
610 2 0 |a Európa 
610 2 0 |a integrácia ekonomická medzinárodná 
610 2 0 |a analýza ekonomická 
610 2 0 |a mikroekonomika 
610 2 0 |a makroekonomika 
610 2 0 |a politika hospodárska 
610 2 0 |a Európske spoločenstvá 
100 1 |a Hansen, Jorgen Drud 
700 1 |a Heinrich, Hans 
700 1 |a Nielsen, Jorgen Ulff-Moller